Normal view MARC view

Entry Corporate Name

Number of records used in: 12

001 - CONTROL NUMBER

  • control field: 570077

003 - CONTROL NUMBER IDENTIFIER

  • control field:

005 - DATE AND TIME OF LATEST TRANSACTION

  • control field: 20210602182021.0

008 - FIXED-LENGTH DATA ELEMENTS

  • fixed length control field: 210602|| aca||aabn | a|a d

040 ## - CATALOGING SOURCE

  • Original cataloging agency:
  • Transcribing agency:

110 ## - HEADING--CORPORATE NAME

  • Corporate name or jurisdiction name as entry element: India :
  • Subordinate unit: Ministry of Petroleum & Natural Gas
  • General subdivision: Finance

670 ## - SOURCE DATA FOUND

  • Source citation: Work cat.: (): India : Parliament : Lok Sabha (13th : 1999-2004) : Standing Committee on Petroleum & Chemicals 563470, Disinvestment in petroleum and petrochemicals sector, 36th Report :, 2002
                                                                           
web counter

Copyright ©2020 The National Library of India, Govt. of India ↔ Hosted by NVLI, MOC ↔ Technology and Design by National Library of India, Ministry of Culture, Govt. of India